[Event "XIV Magistral de la Republica Argentina"]
[Site "Villa Martelli, ARG"]
[Date "2010.08.10"]
[Round "7"]
[White "Barrionuevo, Pablo"]
[Black "Slipak, Sergio"]
[Result "1-0"]
[WhiteElo "2337"]
[BlackElo "2440"]

1. d4 d5 2. c4 e6 3. Nf3 Nf6 4. Nc3 Nbd7 5. Bf4 dxc4 6. e3 a6 7. a4 Bd6 8.
Bxc4 Bxf4 9. exf4 Nb6 10. Bd3 Nbd5 11. g3 b6 12. Ne4 Bb7 13. Qe2 Nb4 14. Nxf6+
gxf6 15. Be4 Bxe4 16. Qxe4 Qd5 17. Qxd5 Nxd5 18. O-O O-O-O 19. Rfc1 Kb7 20.
Rc4 Rd6 21. Rac1 Rhd8 22. Nd2 a5 23. Kf1 R6d7 24. Ne4 h6 25. h3 f5 26. Nd2 Nb4
27. Nf3 c6 28. Ne5 Rxd4 29. Nxf7 Rd1+ 30. Kg2 R8d2 31. Rxd1 Rxd1 32. g4 Nd3
33. g5 b5 34. g6 bxc4 35. g7 Ne1+ 36. Kg3 Rd3+ 37. Kh2 Nf3+ 38. Kg2 Nh4+ 39.
Kf1 Rd1+ 40. Ke2 Rg1 41. Ng5 Ng6 42. g8=Q Nxf4+ 43. Kd2 hxg5 44. Qg7+ Kc8 45.
h4 Rg2 46. hxg5 Rxf2+ 47. Ke3 Rf1 48. g6 Nxg6 49. Qxg6 Kb7 50. Kd4 c3 51.
bxc3 1-0

[Event "XIV Magistral de la Republica Argentina"]
[Site "Villa Martelli, ARG"]
[Date "2010.08.11"]
[Round "8"]
[White "Saldano Dayer, Horacio"]
[Black "Garcia Palermo, Carlos"]
[Result "1/2-1/2"]
[WhiteElo "2428"]
[BlackElo "2450"]

1. e4 c6 2. d4 d5 3. e5 Bf5 4. Nd2 e6 5. Nb3 Nd7 6. Nf3 a5 7. a4 Bb4+ 8. c3
Be7 9. Be2 Qb6 10. O-O h5 11. c4 dxc4 12. Nbd2 Bd3 13. Bxd3 cxd3 14. Nc4 Qd8
15. Qb3 b6 16. Qxd3 Nc5 17. Qe2 Na6 18. h4 Nh6 19. Bg5 Nf5 20. Bxe7 Kxe7 21.
Rfd1 Nb4 22. Rac1 Kf8 23. g3 Rh6 24. Ng5 Ra7 25. Ne4 Rd7 26. Ncd6 Nxd6 27.
Nxd6 g5 28. hxg5 Qxg5 29. Qe3 Qxe3 30. fxe3 h4 31. gxh4 f6 32. Kf2 Rxh4 33. Rh1
Nd3+ 34. Kf3 Rxh1 35. Rxh1 fxe5 36. dxe5 Nxe5+ 37. Ke4 Nd3 38. Rf1+ Kg7 39.
Rg1+ Kf6 40. Rf1+ Kg6 41. Rg1+ Kh5 42. Kxd3 Rxd6+ 43. Kc2 Rd5 44. Rg8 b5 45.
b3 Rc5+ 46. Kd3 b4 47. Kd4 Rc3 48. Ra8 c5+ 49. Ke4 Rxb3 50. Rxa5 Rc3 51. Rb5
Kg6 52. a5 Kf6 53. a6 Ra3 54. Rxc5 Rxa6 55. Rb5 Ra4 56. Kd4 e5+ 57. Ke4 b3+
58. Kd3 Ra3 59. Ke4 Ra4+ 60. Kd3 e4+ 61. Kc3 Ra6 62. Kd4 Ra4+ 63. Kc3 Ra1
1/2-1/2

[Event "XIV Magistral de la Republica Argentina"]
[Site "Villa Martelli, ARG"]
[Date "2010.08.11"]
[Round "8"]
[White "Trois, Francisco R.T."]
[Black "Mareco, Sandro"]
[Result "0-1"]
[WhiteElo "2319"]
[BlackElo "2527"]

1. Nf3 Nf6 2. g3 d5 3. Bg2 c6 4. d3 Bf5 5. O-O e6 6. c4 dxc4 7. dxc4 Nbd7 8.
Be3 e5 9. h3 Be7 10. Nc3 O-O 11. a3 Be6 12. Nd2 a5 13. Qc2 Ne8 14. Nd5 Bd6
15. f4 cxd5 16. cxd5 Rc8 17. Qb1 Bc5 18. Bxc5 Nxc5 19. dxe6 Nxe6 20. Ne4 f5 21.
Nc3 exf4 22. Qa2 Qb6+ 23. Kh1 Kh8 24. Nd5 Qd6 25. Rad1 f3 26. Rxf3 Ng5 27.
Nc3 Qh6 28. Rf4 Nxh3 29. Rh4 Nf2+ 30. Kh2 Ng4+ 31. Kh3 Qe3 32. Nd5 Qe6 0-1

[Event "XIV Magistral de la Republica Argentina"]
[Site "Villa Martelli, ARG"]
[Date "2010.08.11"]
[Round "8"]
[White "De Dovitiis, Alejo"]
[Black "Fusco, Leonardo"]
[Result "1/2-1/2"]
[WhiteElo "2361"]
[BlackElo "2383"]

1. e4 Nf6 2. e5 Nd5 3. d4 d6 4. c4 Nb6 5. exd6 cxd6 6. Nc3 g6 7. Be3 Bg7 8.
Bd3 O-O 9. Nge2 Nc6 10. O-O e5 11. d5 Ne7 12. Qb3 Nd7 13. Qa3 Nf6 14. Nb5 Ne8
15. Bxa7 Nc7 16. Nxc7 Qxc7 17. Nc3 Bd7 18. c5 Nc8 19. Bb6 Nxb6 20. cxb6 Qxb6
21. Qb3 Qxb3 22. axb3 f5 23. Bb5 Bxb5 24. Nxb5 Rad8 25. Ra7 Rd7 26. Rc1 e4
27. Rc7 Rxc7 28. Nxc7 Rb8 29. Nb5 Bxb2 30. Nxd6 Rd8 31. Nc4 Bd4 32. Rxb7 Rxd5
33. Kf1 Bf6 34. Ke2 Rd3 35. g3 Rc3 36. Kd2 Rf3 37. Ke2 Rc3 38. Kd2 Rf3 39. Ke2
Rc3 1/2-1/2

[Event "XIV Magistral de la Republica Argentina"]
[Site "Villa Martelli, ARG"]
[Date "2010.08.12"]
[Round "9"]
[White "Barrionuevo, Pablo"]
[Black "Saldano Dayer, Horacio"]
[Result "0-1"]
[WhiteElo "2337"]
[BlackElo "2428"]

1. d4 Nf6 2. c4 d6 3. Nc3 Nbd7 4. Nf3 g6 5. g3 Bg7 6. Bg2 O-O 7. O-O e5 8. e4
exd4 9. Nxd4 Re8 10. h3 a6 11. Re1 Rb8 12. a3 Ne5 13. Bf1 c5 14. Nc2 Be6 15.
f4 Nc6 16. Be3 Na5 17. e5 dxe5 18. Bxc5 Nb3 19. fxe5 Nd7 20. Bd6 Nxa1 21.
Qxa1 Rc8 0-1

[Event "XIV Magistral de la Republica Argentina"]
[Site "Villa Martelli, ARG"]
[Date "2010.08.12"]
[Round "9"]
[White "Real De Azua, Ernesto"]
[Black "Barreto Filho, Carlos Alberto"]
[Result "1/2-1/2"]
[WhiteElo "2432"]
[BlackElo "2329"]

1. e4 c5 2. Nf3 d6 3. d4 cxd4 4. Nxd4 Nf6 5. Nc3 Nc6 6. Bg5 e6 7. Qd2 Qb6 8.
Nb3 Be7 9. O-O-O O-O 10. f3 Rd8 11. Nb5 Rd7 12. Qe1 a6 13. Be3 Qd8 14. N5d4
Nxd4 15. Nxd4 Qc7 16. g4 d5 17. e5 Qxe5 18. Bd3 Rd8 19. Qf2 Nd7 20. Kb1 Qc7
21. c3 Ne5 1/2-1/2

[Event "XIV Magistral de la Republica Argentina"]
[Site "Villa Martelli, ARG"]
[Date "2010.08.12"]
[Round "9"]
[White "Mareco, Sandro"]
[Black "De Dovitiis, Alejo"]
[Result "1-0"]
[WhiteElo "2527"]
[BlackElo "2361"]

1. d4 Nf6 2. c4 e6 3. Nf3 c5 4. d5 exd5 5. cxd5 d6 6. Nc3 g6 7. Nd2 Bg7 8. e4
O-O 9. Be2 Na6 10. O-O Nc7 11. a4 b6 12. Ra3 Ba6 13. Bxa6 Nxa6 14. Nc4 Qe7
15. Re1 Rfd8 16. Bg5 h6 17. Bh4 Qf8 18. Nb5 g5 19. Bg3 Ne8 20. h4 Nb4 21. hxg5
hxg5 22. Rf3 a6 23. Nc3 Rab8 24. e5 dxe5 25. Nxe5 Nd6 26. Ng6 fxg6 27. Rxf8+
Bxf8 28. Re6 Rb7 29. Rxg6+ Rg7 30. Qh5 Nf7 31. Ne4 Nxd5 32. Nxg5 Nxg5 33.
Qxg5 Rdd7 34. Be5 Nb4 35. Bxg7 Rxg7 36. Rxg7+ Bxg7 37. Qd8+ 1-0